Magyarország geológiája 1. rész a magyar föld és az azt környező területek hegyszerkezetének kialakulása

Uložené v:
Podrobná bibliografia
Hlavný autor: Telegdi-Roth, Károly, 1886-1955 (Author)
Médium: Kniha
Jazyk:Hungarian
Vydané: Pécsett : Danubia könyvkiadó, 1929.
Vydanie:1. kiad.
Edícia:Tudományos gyüjtemény 104
ISBN: (brož.)
Fyzický popis: 170 s. 1 príl.
Tagy: Pridať tag
Žiadne tagy, Buďte prvý kto otaguje tento záznam!

MARC

LEADER 00000nam a2200000 a 4500
001 000126607
005 20160817200552.0
008 040101s1929 hu e hun d
020 |a (brož.)  |c Kčs 12,00 
040 |a SVKKK  |b slo  |c SVKKK  |e AACR2 
041 0 |a hun 
044 |a hu  |c HU 
100 1 |a Telegdi-Roth, Károly,  |d 1886-1955  |4 aut 
245 1 0 |a Magyarország geológiája  |n 1. rész  |p a magyar föld és az azt környező területek hegyszerkezetének kialakulása  |c Károly Roth. 
250 |a 1. kiad. 
260 |a Pécsett :  |b Danubia könyvkiadó,  |c 1929. 
300 |a 170 s.  |e 1 príl. 
490 1 |a Tudományos gyüjtemény  |v 104 
830 0 |a Tudományos gyüjtemény  |v 104 
910 |a svkkk 
998 |a BK 
090 |g SCKHL  |k Sklad Pribinova 1. posch.  |a IV.39146  |j 374838  |i 126607-10  |s Prezenčne